000 00470nam a2200181Ia 4500
001 14205
005 20260306164857.0
008 260306t2002||||xx |||||||||||||| ||spa||
041 _aESP
082 _a510.0711
_bA78 2002
100 _aArya, Jagdish C.
_eAUT
245 0 _aMatemáticas aplicadas :
_ba la administración y a la economía
260 _c2002
300 _axiv, 842 páginas :
_c25 cm.
650 _aGEN
654 _aCMA
942 _cLIB
_dJUS
_fJUS
_2ddc
_n
999 _c14205
_d14205